¿Cristianismo sin Cristo? / (Record no. 148926)

MARC details
000 -LEADER
campo de control de longitud fija 00706nam a2200205 4500
001 - NÚMERO DE CONTROL
campo de control 148926
003 - IDENTIFICADOR DE NÚMERO DE CONTROL
campo de control ES-MaACL
005 - FECHA Y HORA DE LA ÚLTIMA TRANSACCIÓN
campo de control 20230906202855.0
007 - CAMPO FIJO DE DESCRIPCIÓN FÍSICA--INFORMACIÓN GENERAL
campo de control de longitud fija t|
008 - DATOS DE LONGITUD FIJA--INFORMACIÓN GENERAL
campo de control de longitud fija 070214s1970 sp r ||||1| spa d
100 1# - ENTRADA PRINCIPAL--NOMBRE DE PERSONA
Nombre de persona Suenens, Léon Joseph.
9 (RLIN) 108729
245 11 - MENCIÓN DEL TÍTULO
Título ¿Cristianismo sin Cristo? /
Mención de responsabilidad, etc. Léon Joseph Suenens, José María González Ruiz, José María Díez Alegría ; traducción parcial de J.J. Ferrero.
260 ## - PUBLICACIÓN, DISTRIBUCIÓN, ETC.
Lugar de publicación, distribución, etc. Vizcaya :
Nombre del editor, distribuidor, etc. Ed. Paulinas,
Fecha de publicación, distribución, etc. 1970.
300 ## - DESCRIPCIÓN FÍSICA
Extensión 140 p. ;
Dimensiones 18 cm.
700 1# - ENTRADA AGREGADA--NOMBRE PERSONAL
Nombre de persona González Ruiz, José María.
9 (RLIN) 58943
700 1# - ENTRADA AGREGADA--NOMBRE PERSONAL
Nombre de persona Díez Alegría, José María.
9 (RLIN) 182604
700 1# - ENTRADA AGREGADA--NOMBRE PERSONAL
Nombre de persona Ferrero, J. J.
9 (RLIN) 221408
852 ## - LOCALIZACIÓN
Ubicación ES-MaACL
Número de control de estantería C-48197
Sublocalización o colección R.73369
Holdings
Estatus retirado Estado de pérdida Estado de daño No para préstamo Biblioteca de origen Biblioteca actual Ubicación en estantería Fecha de adquisición Fuente de adquisición Total de préstamos Signatura topográfica completa Código de barras Visto por última vez Precio de reemplazo Tipo de ítem Koha
        Biblioteca del Ateneo de Madrid Biblioteca del Ateneo de Madrid Depósito 2 17/01/2008     C-48197 1155410 23/02/2023 23/02/2023 Libro impreso